Focus sur: Óin - Tolkien - Statistiques

Statistiques générales
  • Ce quiz a été pris 12 fois
  • Le résultat moyen est 9 sur 11
Statistiques - réponses
Informations recherchées Réponses % Correct
Royaumes Erebor
100%
Première apparition Le Hobbit
100%
Espèce Nain
100%
Ages durant lesquels il vécut Troisième/Quatrième
100%
Groupe auquel il appartient Compagnie de Thorin
92%
Frère Glóin
83%
Maison (lignée) Peuple de Durin
83%
Couleur des cheveux Rouge/roux
83%
Moria
50%
Père Gróin
42%
Acteur l'interprétant dans les films John Callen
25%
Aucun quiz correspondant
Distribution des résultats
% des personnes avec chaque résultat
Percentile par nombre de réponses
Votre historique - résultats
Vous n’avez pas pris ce quiz